| 000 | 00388nam a2200169Ia 4500 | ||
|---|---|---|---|
| 008 | 210210b1921 xxu||||| |||| 00| 0 eng d | ||
| 041 | _aeng | ||
| 082 | _a829/539 | ||
| 100 | _aHAWTHORNE (N) | ||
| 245 | _aTales: Doren Ed | ||
| 260 |
_aLondon _bOxford University Press _c1921 |
||
| 650 | _aTales: | ||
| 650 | _aEd | ||
| 650 | _aDoren | ||
| 690 | _aEnglish Fiction | ||
| 906 | _a017139 | ||
| 999 |
_c137097 _d137097 |
||